01209nam a2200193Ia 4500001001000000003001000010008004100020040002500061041001400086100001900100245012200119250001100241260007200252300002800324500026000352501011400612520026000726650002900986L232-6587IT-CnALBA170116s9999||||xx |||||||||||||| ||und|| aIT-CnALBAcIT-CnALBA aFRANCESE  aDUQUESNE ABATE 0aL'EVANGILE MEDITÈ ET DISTRIBUÈ POUR TOUS LES JOURS DE L'ANNEE SUIVANT LA CONCORDE DES QUATRE EVANGELISTES VOL. I  a2a ed. aPARISbLECOFFRE J. BIBLIOP., LIBRAIRIE PARIS'c1876 [1° Ed.: n.d.] a458 p. (prefazione: 19) aOTTANTA CONFERENZE E OMELIE SU DIVERSI ARGOMENTI. NOTIZIE BIOGRAFICHE SULL'ABATE DUQUESNE. LETTERE DI LODE SULL'OPERA. INTRODUZIONE DI LUCA. DISPOSIZIONI PER LA LETTURA DEL VANGELO. ZACCARIA. ANNUNZIAZIONE. VISITA DI MARIA AD ELISABETTA. CANTICO DI MARIA. aSocietà San Paolo EM - Piazza San Paolo, 14 - 12051 ALBA (CN) (non commercial uses only) ® Copyright 2017 aOTTANTA CONFERENZE E OMELIE SU DIVERSI ARGOMENTI. NOTIZIE BIOGRAFICHE SULL'ABATE DUQUESNE. LETTERE DI LODE SULL'OPERA. INTRODUZIONE DI LUCA. DISPOSIZIONI PER LA LETTURA DEL VANGELO. ZACCARIA. ANNUNZIAZIONE. VISITA DI MARIA AD ELISABETTA. CANTICO DI MARIA. aVITA E MISTERO DI CRISTO